000 00590nam a22002532 4500
001 0000020139
003
005 20151217161503.0
008 110808s xx 000 0 eng d
010 _a
020 _a
_c$
040 _aKABU
_cKABU
100 1 _a
_d
245 1 0 _aNzioka & 2 others v Tiomin Kenya Ltd. :
_b
_c
250 _a ed.
260 _aMombasa :
_b[High Court],
_c2001.
300 _a p. :
_b
_c cm.
440 0 _a
500 _aHandout for Law class reserve.
650 0 _a
_x
690 _a
908 _a110808
999 _c15322
_d15322